|
|
|
|
| LEADER |
02009nam a22003733i 4500 |
| 001 |
EBC6422672 |
| 003 |
MiAaPQ |
| 005 |
20231204023215.0 |
| 006 |
m o d | |
| 007 |
cr cnu|||||||| |
| 008 |
231204s2010 xx o ||||0 eng d |
| 020 |
|
|
|a 9780230109773
|q (electronic bk.)
|
| 020 |
|
|
|z 9780230103900
|
| 035 |
|
|
|a (MiAaPQ)EBC6422672
|
| 035 |
|
|
|a (Au-PeEL)EBL6422672
|
| 035 |
|
|
|a (OCoLC)748541297
|
| 040 |
|
|
|a MiAaPQ
|b eng
|e rda
|e pn
|c MiAaPQ
|d MiAaPQ
|
| 050 |
|
4 |
|a PN843-849
|
| 100 |
1 |
|
|a Brown, J.
|
| 245 |
1 |
0 |
|a Cyborgs in Latin America.
|
| 250 |
|
|
|a 1st ed.
|
| 264 |
|
1 |
|a New York :
|b Palgrave Macmillan,
|c 2010.
|
| 264 |
|
4 |
|c ©2010.
|
| 300 |
|
|
|a 1 online resource (217 pages)
|
| 336 |
|
|
|a text
|b txt
|2 rdacontent
|
| 337 |
|
|
|a computer
|b c
|2 rdamedia
|
| 338 |
|
|
|a online resource
|b cr
|2 rdacarrier
|
| 505 |
0 |
|
|a Cover -- Contents -- Acknowledgments -- Introduction -- Chapter 1 Posthuman Porteños: Cyborg Survivors in Argentine Narrative and Film -- Chapter 2 Missing Gender: The Posthuman Feminine in Alicia Borinsky, Carmen Boullosa, and Eugenia Prado -- Chapter 3 Ripped Stitches: Mass Media and Televisual Imaginaries in Rafael Courtoisie's Narrative -- Chapter 4 Neoliberal Prosthetics in Postdictatorial Argentina and Bolivia: Carlos Gamerro and Edmundo Paz Soldán -- Chapter 5 Video Heads and Rewound Bodies: Cyborg Memories in Rodrigo Fresán and Alberto Fuguet -- Conclusion -- Notes -- Bibliography -- Index.
|
| 588 |
|
|
|a Description based on publisher supplied metadata and other sources.
|
| 590 |
|
|
|a Electronic reproduction. Ann Arbor, Michigan : ProQuest Ebook Central, 2023. Available via World Wide Web. Access may be limited to ProQuest Ebook Central affiliated libraries.
|
| 655 |
|
4 |
|a Electronic books.
|
| 776 |
0 |
8 |
|i Print version:
|a Brown, J.
|t Cyborgs in Latin America
|d New York : Palgrave Macmillan,c2010
|z 9780230103900
|
| 797 |
2 |
|
|a ProQuest (Firm)
|
| 856 |
4 |
0 |
|u https://ebookcentral.proquest.com/lib/matrademy/detail.action?docID=6422672
|z Click to View
|